MDQL
is popping MORE tags! Check the
thread
!
Quizzes
Events
Quiz Creation
Community
Videos
Private Events
Remove Ads
Sign In
Join for FREE
Feedback
Dark Mode
Quiz Categories
Sports
Geography
Music
Movies
Television
Just For Fun
Miscellaneous
History
Literature
Language
Science
Gaming
Entertainment
Religion
Holiday
For Kids
Quiz Lab
Recent
Popular Today
Quiz Kudos Today
Editor Picks
Curator Picks
Quizzes by...
Day
Popularity
Type
Ratings
Length
Year
Community
Subscriptions
Recent Discussions
Orange Saloon
Badges
Playlists
Quests
Create
Leaderboards
Showdown
Live 5
Trivia Bingo
Activity
Puzzle Library
Sporcle Events
Private Events
Virtual Trivia
Globe League
Become a Host
Pub Owners
SporcleCon
Opinionation
Our Games
Videos
Blog
Mobile Apps
Partnerships
Remove Ads and Go Orange
Feedback
Sports
Athletes
MLB
NBA
NHL
NFL
Soccer
Sports Teams
WWE
NCAA
Football
Premier League
Basketball
Baseball
Hockey
Golf
Tennis
Cricket
Rugby
Auto Racing
Olympics
World Cup
Sports
Athletes
MLB
NBA
NHL
NFL
Soccer
Sports Teams
WWE
NCAA
Football
Premier League
Basketball
Baseball
Hockey
Golf
Tennis
Cricket
Rugby
Auto Racing
Olympics
World Cup
Random Quiz
Search Sporcle
×
Quiz Lab
Quiz Lab
Sports
2003
Type in answers that appear in a list
Type in answers that appear in a list
Classic
Best Score? Go Orange.
PWI top 50 wrestlers 2003 Stats
Can you name the wrestlers who Made the PWI top 50 in 2003
By
garytruffitt
10m
50 Questions
37 Plays
37 Plays
37 Plays
Comments
Comments
Give Quiz Kudos
Give Quiz Kudos
-
- Ratings
hide this ad
Replay
Link that replays current quiz
Next Quiz
Link to next quiz in quiz playlist
You Got
0%
They Got
Avg Score
58%
Avg Friend Score
Upgrade to see
Score Distribution
Jump to the score distribution portion of the page
Score
0/50
Timer
10:00
0
Plays Today
Hint
Answer
% Correct
3rd
Kurt Angle
97.3%
9th
Eddie Guerrero
94.6%
12th
John Cena
94.6%
17th
Matt Hardy
94.6%
23rd
Kane
94.6%
33rd
Shawn Michaels
94.6%
32nd
Chavo Guerrero
94.6%
1st
Brock Lesnar
91.9%
2nd
Triple H
91.9%
5th
Chris Jericho
91.9%
6th
Big Show
91.9%
11th
AJ Styles
91.9%
13th
Chris Benoit
91.9%
34th
Edge
91.9%
18th
The Undertaker
89.2%
19th
Rey Mysterio
89.2%
28th
Christian
89.2%
7th
Booker T
86.5%
10th
Rob Van Dam
86.5%
15th
Jeff Jarrett
75.7%
40th
Scott Steiner
75.7%
25th
Charlie Haas
73%
30th
Shelton Benjamin
73%
37th
Lance Storm
70.3%
44th
Test
70.3%
Hint
Answer
% Correct
21st
The Hurricane
67.6%
20th
Christopher Daniels
64.9%
39th
Goldberg
64.9%
22nd
Raven
51.4%
50th
Jamie Noble
51.4%
35th
Goldust
45.9%
49th
A-Train
40.5%
4th
Keiji Mutoh
37.8%
46th
Masa Chono
37.8%
47th
Ultimo Dragon
35.1%
48th
Ron Killings
35.1%
8th
Kenta Kobashi
32.4%
16th
Shinya Hashimoto
18.9%
29th
Jerry Lynn
18.9%
43rd
Spanky
18.9%
45th
Paul London
18.9%
26th
Low Ki
16.2%
31st
Yuji Nagata
16.2%
38th
Genichiro Tenryu
16.2%
27th
Shocker
10.8%
24th
Koji Kanemoto
8.1%
14th
El Hijo Del Santo
5.4%
42nd
The Amazing Red
5.4%
36th
Hector Garza
2.7%
41st
Mr Niebia
2.7%
Quiz Playlist
Details
Report
Send in Message
Add To Playlist
Classic:
Type in answers that appear in a list
Last Updated: Apr 8, 2017
Quiz Scoreboard
CHALLENGE
Sign Up to Join the Scoreboard
Show All
Scores
Hide
Comments
May contain spoilers
Recently Published
Colored Red Africa Blitz
by spor1
Geography
30s
Find the 'City' Movie
by crazypaving
Movies
60s
5x2 Blitz: Bands
by SL_Kpop136
Music
30s
More to Explore
Quiz From the Vault
Featured Blog Post
14 Easter Pick-up Lines to Find Eggs With
hide this ad
You Might Also Like...
Tags
2003
PWI
Today's Top Quizzes in Sports
Browse Sports
hide this ad
Today's Top Quizzes in 2003
Browse 2003
Top Contributed Quizzes in Sports
1
Les meilleurs buteurs des matchs entre le PSG et l’OM
2
Les entraîneurs de l'OM et du PSG au 21e siècle
3
Les joueurs passés par le PSG et l'OM
4
2022 World Cup Stars
5
Players with Multiple 50 Home Run Seasons
6
Criteria MLB: Left Handed Sluggers
7
MLB Players with Two .350 Batting Average Seasons
8
Les joueurs passés par le LOSC et le RC Lens
9
NBA Logic Puzzle 2.0
10
Top 10 NHL Goal Scorers of All Time
Explore More
Trending Topics
NBA
Disney
Crossword
Anime
Marvel
Kpop
Harry Potter
Song
WWE
Soccer
Country
Puzzle
Pokémon
The Office
NFL
hide this ad
More By:
garytruffitt
Quiz
Plays
Rating
Category
Featured
Created
50 Multiple Choice Capital City's of the World
3,428
4.00
Geography
Jun 8, 2018
WWE Tag Teams by action figures
1,190
4.33
Miscellaneous
Jan 15, 2017
Marvel Superheroes by real name
886
2.67
Entertainment
Jan 26, 2017
Marvel multiple choice quiz part 1
883
3.33
Entertainment
Sep 2, 2017
Star Trek characters by Funko Pop figures
806
4.56
Miscellaneous
Jan 14, 2017
Go to Creator's Profile
Score Distribution
Quiz Creator Spotlight
garytruffitt
Follow
Send a Message
Quizzes Created
-
Created Quiz Play Count
-
More By This Creator
Popular Quizzes Today
1
Colored Red Africa Blitz
2
Find the US States - No Outlines Minefield
3
Find the 'City' Movie
4
5x2 Blitz: Bands
5
The Countries of the World
6
Find the US States
7
Find the Countries of Europe - No Outlines Minefield
8
US States
More Sports Quizzes
Spanish Clubs with Players at the 2022 World Cup
Quiz Lab
Trending Quizzes
Colored Red Europe Blitz I
Colored Red Europe Blitz II
Colored Red Africa Blitz II
Colored Red Europe Blitz III
Colored Red Africa Blitz III
Recently Updated
How Do You Spell That?
pecheneg
Godzilla Movies
pecheneg
Grab Bag: 4-10 Letters
pecheneg
2024 March Madness Bracket
pecheneg
Famous TV Couples
Peacemaker
Champions League XIs: Real Madrid
pecheneg
Largest US Cities 1790-2010
pecheneg
Rides in Walt Disney World
pecheneg
Most Oscar Losses (Acting)
pecheneg
Beyoncé Albums
pecheneg
Trending Topics
Disney
Anime
Marvel
NBA
Crossword
Kpop
Harry Potter
Country
Pokémon
NFL
Puzzle
Song
Soccer
The Office
WWE
Your Account Isn't Verified!
In order to create a playlist on Sporcle, you need to verify the email address you used during registration. Go to your
Sporcle Settings
to finish the process.
Report this User
Report this user for behavior that violates our
Community Guidelines
.
Details:
Send Report
Go to the Sporcle.com Mobile Site →
Comments